000 00646nam a2200181Ia 4500
008 151202s9999||||xx |||||||||||||| ||und||
082 _bPNVM-76329
100 _aदादूमिया.
245 _aगुजराथला जेव्हा जाग येते.
260 _b"सरोज प्रकाशन,पुणे."
260 _c2002
300 _a128
600 _aदादूमिया.
630 _aगुजराथला जेव्हा जाग येते.
700 _aदादूमिया.
730 _aगुजराथला जेव्हा जाग येते.
942 _cBOOK
999 _c1342988
_d1342985